Presidential Tile Select #2 - Statistics

General Stats
  • This quiz has been taken 78 times
  • The average score is 52 of 80
Answer Stats
Question Tile Select % Correct
Presidents who had fought in a war before they were elected. Donald Trump No
99%
Actual nicknames used by or given to presidents. Spunky Lyndon (Johnson) No
94%
Actual nicknames used by or given to presidents. JFK (John Kennedy) Yes
93%
Actual nicknames used by or given to presidents. Sly Millard (Fillmore) No
93%
Actual nicknames used by or given to presidents. Woodrow Won'tson (Wilson) No
93%
Presidents who had fought in a war before they were elected. Dwight Eisenhower Yes
91%
Actual nicknames used by or given to presidents. Honest Abe (Lincoln) Yes
91%
Presidents who owned slaves George Washington Yes
90%
Presidents who had fought in a war before they were elected. Martin Van Buren No
90%
Actual nicknames used by or given to presidents. Spain Bane (William McKinley) No
90%
Presidents who are taller than the average (median) US president (182cm/5'11.5") at the time of their presidency. Abraham Lincoln Yes
88%
Actual nicknames used by or given to presidents. Champion of the West (Thomas Jefferson) No
88%
Actual nicknames used by or given to presidents. Harry S. Falseman (Truman) No
88%
Presidents who had fought in a war before they were elected. Franklin Roosevelt No
87%
Presidents who had fought in a war before they were elected. John Quincy Adams No
87%
Presidents who owned slaves Thomas Jefferson Yes
87%
Presidents who had fought in a war before they were elected. Andrew Jackson Yes
84%
Presidents who are taller than the average (median) US president (182cm/5'11.5") at the time of their presidency. James Madison No
84%
Presidents who are taller than the average (median) US president (182cm/5'11.5") at the time of their presidency. James Polk No
82%
Presidents who are taller than the average (median) US president (182cm/5'11.5") at the time of their presidency. Martin Van Buren No
82%
Actual nicknames used by or given to presidents. The Peanut Farmer (Jimmy Carter) Yes
82%
Actual nicknames used by or given to presidents. James "Never Knox" Polk No
81%
Presidents who are taller than the average (median) US president (182cm/5'11.5") at the time of their presidency. John Quincy Adams No
81%
Presidents who owned slaves Abraham Lincoln No
79%
Presidents who are taller than the average (median) US president (182cm/5'11.5") at the time of their presidency. Zachary Taylor No
79%
Presidents who are taller than the average (median) US president (182cm/5'11.5") at the time of their presidency. Barack Obama Yes
78%
Presidents who had more than one Vice President during their time in office. Barack Obama No
78%
Presidents who had more than one Vice President during their time in office. James Garfield No
78%
Presidents who had more than one Vice President during their time in office. James Polk No
78%
Actual nicknames used by or given to presidents. Model-T (Gerald Ford) No
78%
Presidents who had fought in a war before they were elected. Theodore Roosevelt Yes
76%
Presidents who had more than one Vice President during their time in office. Benjamin Harrison No
75%
Presidents who owned slaves James Madison Yes
75%
Actual nicknames used by or given to presidents. Useless Ulysses (Grant) No
75%
Presidents who owned slaves Andrew Jackson Yes
74%
Presidents who are taller than the average (median) US president (182cm/5'11.5") at the time of their presidency. Grover Cleveland No
74%
Presidents who had more than one Vice President during their time in office. James Buchanan No
74%
Presidents who had more than one Vice President during their time in office. Martin Van Buren No
74%
Presidents who had more than one Vice President during their time in office. Millard Fillmore No
74%
Presidents who had more than one Vice President during their time in office. Franklin Roosevelt Yes
72%
Presidents who owned slaves Millard Fillmore No
72%
Presidents who had more than one Vice President during their time in office. George Washington No
71%
Presidents who had more than one Vice President during their time in office. Rutherford Hayes No
71%
Presidents who had more than one Vice President during their time in office. Warren Harding No
71%
Presidents who had more than one Vice President during their time in office. Franklin Pierce No
68%
Presidents who had more than one Vice President during their time in office. Herbert Hoover No
68%
Presidents who had more than one Vice President during their time in office. John Adams No
66%
Presidents who owned slaves James Monroe Yes
65%
Presidents who had fought in a war before they were elected. John Adams No
65%
Actual nicknames used by or given to presidents. Grover "Two Times" Cleveland No
63%
Presidents who owned slaves James Buchanan No
62%
Presidents who owned slaves Franklin Pierce No
60%
Presidents who are taller than the average (median) US president (182cm/5'11.5") at the time of their presidency. Theodore Roosevelt No
60%
Presidents who had more than one Vice President during their time in office. Woodrow Wilson No
60%
Presidents who had more than one Vice President during their time in office. Dwight Eisenhower No
59%
Actual nicknames used by or given to presidents. Old Rough and Ready (Zachary Taylor) Yes
59%
Presidents who are taller than the average (median) US president (182cm/5'11.5") at the time of their presidency. Richard Nixon No
56%
Presidents who are taller than the average (median) US president (182cm/5'11.5") at the time of their presidency. John Kennedy Yes
51%
Presidents who owned slaves John Quincy Adams No
50%
Presidents who are taller than the average (median) US president (182cm/5'11.5") at the time of their presidency. Dwight Eisenhower No
49%
Presidents who owned slaves John Tyler Yes
44%
Presidents who are taller than the average (median) US president (182cm/5'11.5") at the time of their presidency. Andrew Jackson Yes
43%
Presidents who owned slaves James Polk Yes
40%
Presidents who owned slaves Martin Van Buren Yes
40%
Presidents who owned slaves William Henry Harrison Yes
40%
Presidents who owned slaves Zachary Taylor Yes
40%
Presidents who owned slaves John Adams No
38%
Presidents who had fought in a war before they were elected. William McKinley Yes
32%
Presidents who had fought in a war before they were elected. James Monroe Yes
31%
Presidents who had fought in a war before they were elected. Jimmy Carter Yes
31%
Actual nicknames used by or given to presidents. Acting President Tyler Yes
26%
Presidents who had fought in a war before they were elected. George W. Bush Yes
25%
Presidents who are taller than the average (median) US president (182cm/5'11.5") at the time of their presidency. James Garfield Yes
24%
Presidents who had fought in a war before they were elected. Richard Nixon Yes
24%
Presidents who had fought in a war before they were elected. Chester Arthur Yes
22%
Presidents who had fought in a war before they were elected. Franklin Pierce Yes
22%
Actual nicknames used by or given to presidents. The Little Magician (Martin Van Buren) Yes
22%
Presidents who are taller than the average (median) US president (182cm/5'11.5") at the time of their presidency. John Tyler Yes
21%
Presidents who had fought in a war before they were elected. Abraham Lincoln Yes
19%
Presidents who are taller than the average (median) US president (182cm/5'11.5") at the time of their presidency. James Buchanan Yes
15%
No matching quizzes found
Score Distribution
Percent of People with Each Score
Percentile by Number Answered
Your Score History
You have not taken this quiz